00385nam a2200145Ia 4500008004100000020001700041041000800058082001600066100001700082245004800099250000600147260004400153300001100197650003100208210716s2011 xx 000 0 und d a978812034384 aeng a003.54 RAJV aRajaraman V. aAnalysis and design of information systems. a3 aNew DelhibPrentice Hall of Indiac2011 axv,328 aInformation Theory(003.54)